| 000 | 00451nam a22001217a 4500 | ||
|---|---|---|---|
| 999 |
_c13551 _d13551 |
||
| 082 |
_a297.63 _bش ک ی |
||
| 100 | _aشاہ مصباح الدین شکیل | ||
| 245 |
_a(سیرت احمد مجتبیٰ (جلد اول _bظہور قدسی سے مسجد قبا تک |
||
| 260 |
_aکراچی _bپاکستان اسٹیٹ آئل _c١٩٨٦ |
||
| 300 | _a٥١٢ صفحات | ||
| 650 | _aIslam, Seerat, Prophet Muhammad, Seerat Ahmed Mujtuba | ||
| 942 | _cBK | ||